000 00546nam a2200193 i 4500
001 bg
245 0 0 _aMleko i przetwory mleczarskie :
_bzbiór norm zakładowych ;
_cInstytut Mleczarstwa.
260 _aWarszawa :
_b"HOŻA",
_c1997.
300 _a292 s. ;
_c24 cm.
650 9 _aMleczarstwo
_xwyroby
_xnormalizacja
_zPolska
710 0 _aInstytut Mleczarstwa
020 _a8385038116
040 _cBPK
041 0 _apl
080 _a637.1/.2(083.1)(438)
920 _a83-85038-11-6
942 _cKA
008 s pl f |000 0 pol
999 _c24261
_d24261
856 _uhttp://koha.tu.koszalin.pl/cgi-bin/koha/opac-detail.pl?biblionumber=24261
_yKatalog online BPK